00795nam a2200205 a 450000100100000000500170001000800410002704000250006808200150009310000270010824000270013524500460016226000350020830000210024349000220026450000730028683000310035995201820039099900170057200004508720201002045852.0150202s1971 sp 000 0 spa d aDO-SdBNPbspacBNPHU axxxxbxxxx1 aChauchard, Paul94939410aHypnose et suggestion.10aHipnosis y sugestión /cPaul Chauchard. aBarcelona :bOikos-tau,c1971. a126 p. ;c18 cm.1 a¿Qué sé?v31 aIncluye referencias bibliográficas y notas al pie de las páginas 0a¿Qué sé? ;n31973104 001050718MOaGRbGRcCTd2015-02-02iLF1l0oxxxx xxxxp45087-10r2020-06-25w2020-06-25y1zPerteneció a la biblioteca personal de Carlos Larrazabal Blanco.ZNo se presta c44576d44576